000 00589nam a2200217 a 4500
001 13511
003 CO-ViMGA
008 141112s2004 ck r 000 u spa d
040 _aCO-ViMGA
_bspa
_cCO-ViMGA
082 0 4 _a323.65 C656m
110 _aColombia. Leyes, Decretos, etc
_91453
245 1 0 _aManual del ciudadano
260 _aSantafé de Bogotá :
_bO.R.,
_c1999
300 _a65
650 1 4 _aDERECHOS CIVILES
650 1 4 _aDERECHOS HUMANOS
_955
650 1 4 _aley 100 de 1993
_98744
650 1 4 _aLEY 115 DE 1994
_911796
650 1 4 _aLEY 134 DE 1994)
_919691
942 _2ddc
_cBK
999 _c24238
_d24238